| 000 | 00643nam a2200181Ia 4500 | ||
|---|---|---|---|
| 008 | 090630s9999 xx 000 0 und d | ||
| 082 | _b17354 | ||
| 100 | _aठोमरे उमाकांत. | ||
| 245 |
_aजादूगार जुळे भाऊ. _cठोमरे उमाकांत. |
||
| 260 | _bश्रीराम. | ||
| 300 | _a0 | ||
| 600 | _aठोमरे उमाकांत. | ||
| 630 | _aजादूगार जुळे भाऊ. | ||
| 655 | _aबालवाङमय. | ||
| 700 | _aठोमरे उमाकांत. | ||
| 730 | _aजादूगार जुळे भाऊ. | ||
| 942 | _cBOOK | ||
| 999 |
_c269210 _d269210 |
||